=LDR 00000nam 2200000 4500 =001 INLIS000000000014737 =005 20130612110020 =008 ***********************************Ind** =035 ##$$0010-061300000014737 =041 ##$$a Ind =082 ##$$a 500 =090 ##$$a 500, Ilm/V =245 ##$$a Ilmu pegetahuan populer jilid 5, Ilmu fisika biologi umum =260 ##$$a 2004 $b Jakarta =300 ##$$a 323 hlm, Il, 30 cm =650 ##$$a Sains Populer =850 ##$$a NBPNMAT